00740nam a2200205 a 45000010005000000030005000050050017000100080041000270400020000681000036000882450115001242600048002393000011002876000045002986500038003436500031003819420013004129990015004259520094004402950CDMR20131118170655.0130130s1956||||||||||||||||||||||||||||d aCDMRbcatcCDMR1 aEnciso Recio, Luis Miguel9217110aNipho y el periodismo español del siglo XVIIIcLuis miguel Enciso Recio ; prólogo de Vicente Palacio Atard aValladolidc1956bUniversidad de Valladolid a430 p.1 94362aNifo, Francisco Marianod1719-18030493729aPremsaxHistòriazEspanya 94083aPremsavBibliografia cMON2udc c2950d2950 00104070aCDMRbCDMRd2013-01-16l0oDt 9/68pCDMR13119914r2013-01-16w2013-01-16yMON